| 000 | 00563nam a22001577a 4500 | ||
|---|---|---|---|
| 003 | OSt | ||
| 005 | 20230313171445.0 | ||
| 008 | 151112b xxu||||| |||| 00| 0 eng d | ||
| 040 | _cRUA | ||
| 082 |
_aFOR _2 MUY 2008 B135 Or.1 |
||
| 100 |
_93616 _aMUY, THANOEN. |
||
| 245 | _aA case study on pangolin trade in mondulkiri province, ការសិក្សាការជួញដូរសត្វពង្រូលក្នុងខេត្តមណ្ឌលគិរី | ||
| 260 |
_aPhnom Penh _bRUA _c2008 |
||
| 300 |
_axi; 47p. _bill. _c29cm. |
||
| 942 |
_2ddc _cFOR |
||
| 999 |
_c3367 _d3367 |
||